MARC

LEADER 00000nam0a2200000 4500
001 322854
005 20241016173537.0
035 |a (RuTPU)RU\TPU\book\348412 
090 |a 322854 
100 |a 20161005g18951897m||y0rusy50 ca 
101 1 |a rus  |c fre 
102 |a RU 
105 |a y z 001zy 
200 1 |a Сборник мелких статей и речей  |h Т. 2  |f Ж. Э. Ренан  |g пер. В. И. Штейна 
210 |a Санкт-Петербург  |c Издание Книжного Магазина М. М. Ледерле  |d 1897 
215 |a 341, [2] с. 
225 1 |a Моя библиотека 
300 |a Текст в русской дореформенной орфографии 
316 |5 63413507: М-132212  |a На титульном листе владельческая подпись: "М. Беля[кова]" 
317 |5 63413507: М-132212  |a Поступила в НТБ в 1970 г. в составе книжного собрания профессора ТПИ И. Н. Бутакова 
320 |a Постраничные примечания 
600 0 |a Нерон  |c римский император из династии Юлиев-Клавдиев в 54-68  |f 37-68  |c полное имя Нерон Клавдий Цезарь  |2 stltpush  |3 (RuTPU)RU\TPU\pers\527 
600 0 |a Траян Марк Ульпий  |f 53-117  |c римский император  |2 stltpush  |3 (RuTPU)RU\TPU\pers\4371 
600 0 |a Марк Аврелий  |f 121-180  |c римский император 161-180  |c философ-стоик  |c полное имя Марк Анний Катилий Север, Марк Элий Аврелий Вер Цезарь, Цезарь Марк Аврелий Антонин Август  |2 stltpush  |3 (RuTPU)RU\TPU\pers\13118 
606 1 |a Рим Древний  |x История  |2 stltpush  |3 (RuTPU)RU\TPU\subj\58965  |9 76639 
606 1 |a Римская философия древняя  |2 stltpush  |3 (RuTPU)RU\TPU\subj\25236  |9 49439 
610 1 |a владельческая надпись 
610 1 |a библиотека И. Н. Бутакова 
610 1 |a римские императоры 
610 1 |a римское государство 
610 1 |a философы 
610 1 |a римское право 
686 |a Т3(0)323  |2 rubbk 
700 1 |a Ренан  |b Ж. Э.  |c французский писатель  |f 1823-1892  |g Жозеф Эрнест  |3 (RuTPU)RU\TPU\pers\719  |9 332 
702 1 |a Штейн  |b В. И.  |4 730 
801 1 |a RU  |b 63413507  |c 20161005 
801 2 |a RU  |b 63413507  |c 20190724  |g RCR 
942 |c BK